1966 1359 1791 1698 1642 1466 1471 1435 1628 1406 1052 1785 1174 1176 1869 1063 1227 1995 1780 1307 1865 1981 1931 1923 1185 1375 1044 1197 1100 1032 1673 1802 1519 1919 1489 1720 1998 1691 1116 1486 1943 1539 1020 1205 1108 1089 1334 1682 1688 1151 1825 1531 1572 1751 1835 1990 1098 1765 1263 1240 1207 1153 1220 1394 1435 1084 1418 1083 1837 1678 1070 1449 1194 1287 1183 1830 1857 1932 1819 1985 1873 1514 1685 1279 1431 1193 1624 1671 1856 1276 1486 1430 1088 1419 1689 1160 1473 1852 1272 BCNSPRNW ULIB Ver.6.0+V

เปลี่ยนเป็นภาษาไทย

Change to English
 แสดงรายละเอียดบรรณานุกรม
  กลับหน้าหลัก

Brief Record : Get Marc (ISO 2709) : E-mail record : QR code < ปิดหน้าต่าง
LEADER : 00000nam 2200000uu 4500
001    13399113643
003     ULIB
008    111208s2551||||th 000 0 tha d
020    ^a9789743496981
090    ^aนว.^bจ758ท 2551
100    ^aเจ้าสำราญ
245    ^aทหารเสือราชินี/^cเจ้าสำราญ
250    ^aพิมพ์ครั้งที่ 1
260    ^aกรุงเทพฯ :^bณ บ้านวรรณกรรม,^c2551
300    ^a504 หน้า
710 1  ^aณ บ้านวรรณกรรม
945    ^p380^l0^i028097
995    ^aทศพร
999 ^a ทศพร
รายการนี้ยังไม่มีแท็ก
คุณยังไม่ได้ล็อกอิน คุณสามารถมีกิจกรรมร่วมกับเว็บไซต์ได้ แต่ต้องล็อกอินก่อน ::
  ล็อกอิน

รายการสื่อสารสนเทศ

ลำดับที่ ประเภท เลขเรียก/บาร์โค้ด สถานที่ สถานะ
1. นวนิยาย
นวนิยาย
นว. จ758ท 2551 ฉ.1 
  Barcode: 028097
ห้องสมุดวิทยาเขตสวรรค์ประชารักษ์
►นวนิยาย
บนชั้น
  ขอยืม

BibComment


ยังไม่เคยถูกคอมเมนท์

คอมเมนท์ทรัพยากรรายการนี้
  คอมเมนท์: ทหารเสือราชินี เ..


 Copyright 2026. Bcnsprnw @Library